| 000 | 00681cam a22002417a 4500 | ||
|---|---|---|---|
| 001 | 000266 | ||
| 003 | armpunfd | ||
| 005 | 20140612090604.0 | ||
| 008 | 011019e1994####xx#a##########000#0#und#d | ||
| 040 |
_aarmpunfd _carmpunfd |
||
| 080 | _a347.4 C 319 | ||
| 100 | 1 | 0 | _a Trigo Represas, Felix Alberto |
| 245 | 1 | 0 | _aCompendio de derecho de las obligaciones |
| 260 |
_a La Plata _b Libreria Editora Platense _c1994 |
||
| 300 | _a2 v. | ||
| 650 | 7 |
_a Derecho Civil _2LEMB |
|
| 650 | 7 |
_a Obligaciones [ Derecho] _2LEMB |
|
| 700 | 1 | 0 | _aCazeaux, Pedro N. |
| 942 |
_cLB _2cdu |
||
| 945 |
_aCatalis _d2010-08-19 |
||
| 945 |
_aCatalis _d2010-08-19 |
||
| 945 |
_aCatalis _d2010-08-19 |
||
| 999 |
_c264 _d230768 |
||